Catálogo público

Propuesta para el establecimiento de una procesadora de café en Totutla, Huitzilan de Serdán, Puebla / (Record no. 175280)

MARC details
000 -CABECERA
campo de control de longitud fija 04383nam a2200445 a 4500
001 - NÚMERO DE CONTROL
campo de control dia_4611
003 - IDENTIFICADOR DEL NÚMERO DE CONTROL
campo de control CHAP
005 - FECHA Y HORA DE LA ÚLTIMA TRANSACCIÓN
campo de control 20240821113951.0
007 - CAMPO FIJO DE DESCRIPCIÓN FÍSICA--INFORMACIÓN GENERAL
campo de control de longitud fija ta
008 - DATOS DE LONGITUD FIJA--INFORMACIÓN GENERAL
campo de control de longitud fija 220117s2015 mx abeofrm 001 0 spa d
010 ## - NÚMERO DE CONTROL DE LA BIBLIOTECA DEL CONGRESO
Número de control de LC 175280
040 ## - FUENTE DE LA CATALOGACIÓN
Centro catalogador/agencia de origen mxchpua
Centro/agencia transcriptor CHAP
041 0# - CÓDIGO DE LENGUA
Código de lengua del texto/banda sonora o título independiente spa
Código de lengua del sumario o resumen eng
090 ## - LOCALMENTE ASIGNADO TIPO-LC NÚMERO DE CLASIFICACIÓN (OCLC); NÚMERO DE CLASIFICACIÓN LOCAL (RLIN)
Número de clasificación (OCLC) (R) ; Numero de clasificación, CALL (RLIN) (NR) Tesis
Número cutter local (OCLC) ; Número de libro/Signatura topográfica íntegra, CALL (RLIN) N67
año 2015
100 1# - ENTRADA PRINCIPAL--NOMBRE DE PERSONA
Nombre de persona Nopaltitla Negrete, Sandra Paulina
245 10 - MENCIÓN DE TÍTULO
Título Propuesta para el establecimiento de una procesadora de café en Totutla, Huitzilan de Serdán, Puebla /
Mención de responsabilidad, etc. Sandra Paulina Nopaltitla Negrete y María Asunción Posadas Manzano
264 ## - PRODUCCIÓN, PUBLICACIÓN, DISTRIBUCIÓN, FABRICACIÓN Y COPYRIGHT
Producción, publicación, distribución, fabricación y copyright Chapingo, México :
Nombre del de productor, editor, distribuidor, fabricante El autor,
Fecha de producción, publicación, distribución, fabricación o copyright 2015
300 ## - DESCRIPCIÓN FÍSICA
Extensión x, 88 hojas :
Otras características físicas ilustraciones, tablas, mapas, diagramas, fotos +
Material acompañante/anejo 1 CD-ROM
336 ## - TIPO DE CONTENIDO
Fuente rdacontent
Término de tipo de contenido texto
Código de tipo de contenido txt
337 ## - TIPO DE MEDIO
Fuente rdamedia
Nombre/término del tipo de medio no mediado
Código del tipo de medio n
338 ## - TIPO DE SOPORTE
Fuente rdacarrier
Nombre/término del tipo de soporte volumen
Código del tipo de soporte nc
502 ## - NOTA DE TESIS
Nota de tesis Formulación y Evaluación de Proyectos
Tipo de título (Ingeniero Agroindustrial) --
Nombre de la institución que otorga el título UACh. Departamento de Ingeniería Agroindustrial,
Año de obtención del título 2015
504 ## - NOTA DE BIBLIOGRAFÍA, ETC.
Nota de bibliografía, etc. Bibliografía: hojas 70-72
505 ## - NOTA DE CONTENIDO CON FORMATO
Nota de contenido con formato 6 planos : --<br/>1.Plano de distribución de áreas actual (Esc. 1:100) --<br/>2. Propuesta : Plano de distribución de áreas (Esc. 1:100) --<br/>3. Propuesta de plano de distribución de equipo (Esc. 1:100) --<br/>4. Plano de recorrido actual (Esc. 1:100) --<br/>5. Propuesta del diagrama de recorrido (Esc. 1:100) --<br/>6. Propuesta para el diagrama de flujo del proceso de beneficio de café
520 3# - SUMARIO, ETC.
Sumario, etc. El presente trabajo consistió en la evaluación de una propuesta de inversión para una procesadora de café en la comunidad de Totutla, Huitzilan de Serdán en el estado de Puebla; para ello, se estudiaron y analizaron los factores involucrados en el mercado de café, se definió una propuesta para la organización de los socios y se describieron las características de la materia prima. Con base a lo anterior, se determinó el tamaño de la empresa, se describió la localización, se planteó la organización administrativa y se realizaron las propuestas ingenieriles; se llevó a cabo el análisis financiero y su respectiva evaluación, a partir de lo cual se determinó para el proyecto un Valor Actual Neto (VAN) de $ 356,494.36 y una Tasa Interna de Rentabilidad (TIR) de 30.33% en un horizonte de proyección de 10 años; para la empresa el VAN fue de $ 356,494.36 y la TIR de 30.33%. La Tasa de Rendimiento Mínima Aceptable (TRMA) considerada para el estudio fue del 16%, esta tasa como se muestra es menor a las TIR evaluadas tanto para la empresa como para el proyecto; finalmente se dictaminó que el proyecto es aceptable y de bajo impacto ambiental.
520 3# - SUMARIO, ETC.
Sumario, etc. This work consisted in the assessment of an investment proposal for a coffee processor in the community of Totutla, Huitzilan of Serdán in the Puebla state; therefore, were studied and analyzed the factors involved in the coffee market, thereby was defined a proposal for the organization of the partners and were described the characteristics of the raw material. Based on the foregoing, was determined the size of the company, was described the location, was raised the administrative organization and were made the engineering proposals; was carried out the financial analysis and their respective evaluation, from which it is determined for the project a net present value of $ 356,494.36 and an Internal Rate of Return of 30.33% over a projection horizon of ten years; NPV for the company was $ 356,494.36 and the IRR of 30.33%. The Minimum Acceptable Rate of Return (MARR) was considered for the study with 16%, this rate as shown is less than the IRR evaluated for both the company and for the project; finally ruled that the project is acceptable and has low environmental impact.
650 13 - PUNTO DE ACCESO ADICIONAL DE MATERIA--TÉRMINO DE MATERIA
Término de materia o nombre geográfico como elemento de entrada Café
Fuente del encabezamiento o término atg
Subdivisión general Industria y comercio
650 13 - PUNTO DE ACCESO ADICIONAL DE MATERIA--TÉRMINO DE MATERIA
Término de materia o nombre geográfico como elemento de entrada Iniciativa empresarial
Subdivisión geográfica México
-- Puebla
Fuente del encabezamiento o término atg
650 13 - PUNTO DE ACCESO ADICIONAL DE MATERIA--TÉRMINO DE MATERIA
Término de materia o nombre geográfico como elemento de entrada Coffee
Subdivisión general Industry and trade
Fuente del encabezamiento o término atg
650 13 - PUNTO DE ACCESO ADICIONAL DE MATERIA--TÉRMINO DE MATERIA
Término de materia o nombre geográfico como elemento de entrada Entrepreneurship
Subdivisión geográfica Mexico
-- Puebla
Fuente del encabezamiento o término atg
700 1# - PUNTO DE ACCESO ADICIONAL--NOMBRE DE PERSONA
Nombre de persona Posadas Manzano, María Asunción
Término indicativo de función/relación autor
700 1# - PUNTO DE ACCESO ADICIONAL--NOMBRE DE PERSONA
Nombre de persona Covarrubias Gutiérrez, Ignacio
Término indicativo de función/relación director
700 1# - PUNTO DE ACCESO ADICIONAL--NOMBRE DE PERSONA
Nombre de persona Avalos Gutiérrez, Claudio
Término indicativo de función/relación asesor
700 1# - PUNTO DE ACCESO ADICIONAL--NOMBRE DE PERSONA
Nombre de persona Morales Santos, Tayde
Término indicativo de función/relación asesor
856 41 - LOCALIZACIÓN Y ACCESO ELECTRÓNICOS
Identificador Uniforme del Recurso <a href="http://10.13.5.2/tesis/sist112272.pdf">http://10.13.5.2/tesis/sist112272.pdf</a>
Texto de enlace DESCARGAR PDF
901 ## - ELEMENTOS DE DATOS A LOCAL LDA (RLIN)
a TESIS N67 2015
942 ## - ELEMENTOS DE PUNTO DE ACCESO ADICIONAL (KOHA)
Tipo de ítem Koha TESIS
Fuente del sistema de clasificación o colocación Clasificación Universidad Autónoma Chapingo
902 ## - ELEMENTOS DE DATOS B LOCAL, LDB (RLIN)
a M
905 ## - ELEMENTOS DE DATOS E LOCAL, LDE (RLIN)
a 5232272015 mx nmel8223223122spa16
Holdings
Estado de retiro Estado de pérdida Fuente del sistema de clasificación o colocación Estado dañado Restricciones de uso No para préstamo Código de colección Localización permanente Ubicación/localización actual Fecha de adquisición Fuente de adquisición Total de préstamos Signatura topográfica completa Código de barras Fecha visto por última vez Número de copia Precio válido a partir de Tipo de ítem Koha Ubicación en estantería
    Clasificación Universidad Autónoma de Chapingo   Préstamo interno   Tesis Ingenieria Agroindustrial Ingenieria Agroindustrial 18/01/2015 El autor   Tesis N67 2015 1101010045 18/01/2022 Ej.3 18/01/2015 CD  
    Clasificación Universidad Autónoma de Chapingo   Préstamo interno   Tesis Ingenieria Agroindustrial Ingenieria Agroindustrial 18/01/2015 El autor   Tesis N67 2015 1101010043 02/02/2026 Ej.1 18/01/2015 Tesis  
    Clasificación Universidad Autónoma de Chapingo   Préstamo interno   Tesis Ingenieria Agroindustrial Ingenieria Agroindustrial 18/01/2015 El autor   Tesis N67 2015 1101010044 18/01/2022 Ej.2 18/01/2015 CD  
    Clasificación Universidad Autónoma de Chapingo       Tesis digitales de Licenciatura Ingenieria Agroindustrial Ingenieria Agroindustrial 18/01/2015 El autor     1201010043 21/08/2024   21/08/2024 Tesis digital En línea